James Fenimore Cooper ; an introduction and interpretation /
Wedi'i Gadw mewn:
| Prif Awdur: | |
|---|---|
| Fformat: | Sách giấy |
| Iaith: | English |
| Cyhoeddwyd: |
New York :
Barnes & Noble,
1962.
|
| Tagiau: |
Ychwanegu Tag
Dim Tagiau, Byddwch y cyntaf i dagio'r cofnod hwn!
|
| Thư viện lưu trữ: | Thư viện Trường Đại học Đà Lạt |
|---|
| LEADER | 00640nam a2200265 4500 | ||
|---|---|---|---|
| 001 | DLU100110852 | ||
| 005 | ##20100819 | ||
| 040 | # | # | |a DLU |b vie |
| 041 | # | # | |a eng |
| 044 | # | # | |a us |
| 082 | # | # | |a 813 |b WA-W |
| 100 | # | # | |a Walker, Warren S. |
| 245 | # | # | |a James Fenimore Cooper ; |b an introduction and interpretation / |c Warren S. Walker. |
| 260 | # | # | |a New York : |b Barnes & Noble, |c 1962. |
| 300 | # | # | |a xv, 142 p. ; |c 21 cm. |
| 923 | # | # | |a 100/2010 |
| 992 | # | # | |a 0 |
| 994 | # | # | |a DLU |
| 900 | # | # | |a True |
| 911 | # | # | |a Lý Thị Hồng Hạnh |
| 925 | # | # | |a G |
| 926 | # | # | |a A |
| 927 | # | # | |a SH |
| 980 | # | # | |a Thư viện Trường Đại học Đà Lạt |